1881 1085 1020 1881 1020 1408 1100 1117 1871 1112 1331 1243 1303 1718 1736 1065 1603 1195 1674 1303 1164 1854 1930 1444 1771 1807 1265 1335 1216 1465 1606 1570 1682 1832 1841 1049 1847 1269 1873 1576 1270 1745 1431 1103 1132 1601 1098 1947 1935 1136 1913 1781 1088 1534 1764 1604 1491 1569 1429 1571 1240 1299 1341 1119 1022 1051 1441 1694 1883 1490 1337 1680 1443 1752 1920 1433 1493 1499 1978 1110 1875 1935 1995 1845 1856 1523 1428 1021 1451 1744 1095 1531 1909 1422 1648 1887 1694 1838 1449 BCNSPRNW ULIB Ver.6.0+V

เปลี่ยนเป็นภาษาไทย

Change to English
 แสดงรายละเอียดบรรณานุกรม
  กลับหน้าหลัก

Brief Record : Get Marc (ISO 2709) : E-mail record : QR code < ปิดหน้าต่าง
LEADER : 00000nam 2200000uu 4500
001    13399112980
003     ULIB
008    110921s2545||||th 000 0 tha d
020    9747803976
060 04 WU640^bก491 2545
245 00 การปลูกถ่ายฟัน :^bการวางแผนผ่าตัดและการประเมินผล /^cอรสาไวคกุล, บรรณาธิการ
260    กรุงเทพฯ :^bโฮลิสติก พับลิชชิ่ง,^c2545
300    190 หน้า :^bภาพประกอบ (ภาพสีบางภาพ) ;^c30 ซม.
504    บรรณานุกรมและดัชนี
650  4 ฟัน^xการปลูกถ่าย
650  4 ฟัน^xศัลยกรรม
700 0  อรสา ไวคกุล,^eบรรณาธิการ
710 2  มหาวิทยาลัยมหิดล. ^bคณะทันตแพทยศาสตร์. ^bภาควิชาศัลยศาสตร์
995     เกษร
999 ^a ใช้งานได้ทุกระบบ
รายการนี้ยังไม่มีแท็ก
คุณยังไม่ได้ล็อกอิน คุณสามารถมีกิจกรรมร่วมกับเว็บไซต์ได้ แต่ต้องล็อกอินก่อน ::
  ล็อกอิน

รายการสื่อสารสนเทศ

ลำดับที่ ประเภท เลขเรียก/บาร์โค้ด สถานที่ สถานะ
- ไม่พบข้อมูล -

BibComment


ยังไม่เคยถูกคอมเมนท์

คอมเมนท์ทรัพยากรรายการนี้
  คอมเมนท์: การปลูกถ่ายฟัน ก..


 Copyright 2026. Bcnsprnw @Library